00713nam a2200241 a 4500001001300000003000900013005001700022008004100039020001000080082001600090100002400106245003200130260005500162300001000217500003500227505001000262650002400272700002400296902000800320942000700328952011900335999001700454nice12345678IN_TiNIC20260116013547.0050524s1999 bana grp 000 0 eng  ac22500a230.03bKOM aKomonchak, Joseph A aNew Dictionary of Theology. aBangalorebTheological Publications in Indiac1999 a1106p aincludes index and biblioraphy2 aIndex aTheology-Dictionary1 aKomonchak, Joseph A bSRS cBK 001040708REFaHMIbHMIcREFd2009-01-20g225.00l1o230.03 KOMp019719r2017-10-17s2017-10-16w2026-01-16yBK c11477d11477